Simulación de un enlace PCM para microcomputador PC
Gorde:
| Egile nagusia: | |
|---|---|
| Formatua: | Liburua |
| Argitaratua: |
[San José , Costa Rica]
1993
|
| Etiketak: |
Etiketa erantsi
Etiketarik gabe, Izan zaitez lehena erregistro honi etiketa jartzen!
|
MARC
| LEADER | 00000nam a2200000Ia 4500 | ||
|---|---|---|---|
| 003 | 006080 | ||
| 005 | 20221231144317.0 | ||
| 008 | 140114s1993 cr a m 000 ||s d | ||
| 040 | |c cru CEDI | ||
| 090 | |a TFG 2757 | ||
| 100 | |a Madrigal Esteban, Jorge |9 12111 | ||
| 245 | |a Simulación de un enlace PCM para microcomputador PC | ||
| 260 | |c 1993 |a [San José , Costa Rica] | ||
| 300 | |a 104 hojas :ilustraciones | ||
| 500 | |a Proyecto de graduación (bachillerato en ingeniería eléctrica)--Universidad de Costa Rica. Facultad de Ingeniería. Escuela de Ingeniería Eléctrica | ||
| 942 | |c TFG | ||
| 999 | |c 19948 |d 19948 | ||
